[Event "GER-chT U12"]
[Site "Magdeburg"]
[Date "2023.12.28"]
[Round "4.8"]
[White "He, Fabian"]
[Black "Rexhausen, Mika"]
[Result "1-0"]
[WhiteElo "993"]
[BlackElo "943"]
[PlyCount "61"]
[EventDate "2023.12.26"]
[EventType "team-swiss"]
[EventRounds "7"]
[EventCountry "GER"]
[SourceTitle "CB03_2024"]
[SourceDate "2024.01.17"]
[SourceVersion "1"]
[SourceVersionDate "2024.01.17"]
[SourceQuality "1"]
[WhiteTeam "Karlsruhe SF"]
[BlackTeam "Eichsfeld"]
[WhiteTeamCountry "GER"]
[BlackTeamCountry "GER"]

1. d4 g6 2. Bf4 Bg7 3. Nf3 Nf6 4. e3 d6 5. Bd3 0-0 6. Nc3 Nc6 7. Qe2 Re8 8. 0-0-0 e5 9. dxe5 dxe5 10. Bg5 Bd7 11. Rdg1 Qc8 12. e4 Bg4 13. h3 Nd4 14. Qe3 Bxf3 15. gxf3 h6 16. Bxh6 a6 17. h4 Kh7 18. h5 Nxh5 19. Bxg7 Kxg7 20. Rxh5 Kf8 21. Rh8+ Kg7 22. Qh6+ Kf6 23. Qg5+ Kg7 24. Rxe8 Qxe8 25. Rh1 Ne6 26. Qh4 Kf8 27. Nd5 f6 28. Qh8+ Kf7 29. Rh7+ Ng7 30. Rxg7+ Ke6 31. Nxc7+ 1-0

[Event "GER-chT U12"]
[Site "Magdeburg"]
[Date "2023.12.28"]
[Round "3.9"]
[White "Schroeter, Juri"]
[Black "He, Fabian"]
[Result "0-1"]
[WhiteElo "974"]
[BlackElo "993"]
[PlyCount "120"]
[EventDate "2023.12.26"]
[EventType "team-swiss"]
[EventRounds "7"]
[EventCountry "GER"]
[SourceTitle "CB03_2024"]
[SourceDate "2024.01.17"]
[SourceVersion "1"]
[SourceVersionDate "2024.01.17"]
[SourceQuality "1"]
[WhiteTeam "Magdeburg Schachzwerge"]
[BlackTeam "Karlsruhe SF"]
[WhiteTeamCountry "GER"]
[BlackTeamCountry "GER"]

1. e4 e5 2. Nf3 Nc6 3. Bc4 Bc5 4. c3 Qf6 5. d4 exd4 6. cxd4 Nxd4 7. Be3 Nxf3+ 8. Qxf3 Bb4+ 9. Nd2 Bxd2+ 10. Bxd2 Qxf3 11. gxf3 d6 12. Bc3 f6 13. Rg1 g6 14. 0-0-0 Ke7 15. h4 Be6 16. Bd5 Bxd5 17. exd5 Kf7 18. Rde1 Re8 19. Rxe8 Kxe8 20. Re1+ Ne7 21. Bxf6 Kf7 22. Bxh8 Nxd5 23. Bd4 c5 24. Be3 Nb4 25. Rd1 Nxa2+ 26. Kc2 Nb4+ 27. Kb3 Ke6 28. Kc4 b6 29. Re1 d5+ 30. Kc3 Kf5 31. Bg5 d4+ 32. Kc4 a6 33. Bd8 b5+ 34. Kxc5 Nd3+ 35. Kxd4 Nxe1 36. Kc5 Nd3+ 37. Kd4 Nxf2 38. Bg5 Nd1 39. b3 a5 40. Kd3 Nf2+ 41. Ke3 Nh3 42. f4 Nxg5 43. hxg5 a4 44. bxa4 bxa4 45. Kd2 Kxf4 46. Kc2 Kxg5 47. Kb2 h5 48. Ka3 h4 49. Kxa4 h3 50. Kb3 h2 51. Kc2 h1Q 52. Kd2 Qe4 53. Kc3 Kf4 54. Kd2 Kf3 55. Kc3 Ke2 56. Kb3 Kd3 57. Kb2 Qc4 58. Ka3 Qb5 59. Ka2 Kc2 60. Ka1 Qa5# 0-1